书目信息 |
| 题名: |
信息分析与预测
|
|
| 作者: | 查先进 著 | |
| 分册: | ||
| 出版信息: | 武汉 武汉大学出版社 2000.08 |
|
| 页数: | [5],298页 | |
| 开本: | 21cm | |
| 丛书名: | ||
| 单 册: | ||
| 中图分类: | G202 | |
| 科图分类: | ||
| 主题词: | 信息--分析 , 信息处理--预测 | |
| 电子资源: | ||
| ISBN: | 7-307-02960-X | |
| 000 | 00716nam0 2200241 45 | |
| 001 | 012000502684 | |
| 005 | 20050426092440.79 | |
| 010 | @a7-307-02960-X@dCNY 13.00 | |
| 100 | @a20001024d2000 em y0chiy0120 ea | |
| 101 | 0 | @achi |
| 102 | @aCN@b420000 | |
| 105 | @aak z 000yy | |
| 200 | 1 | @a信息分析与预测@AXin Xi Fen Xi Yu Yu Ce@f查先进著@FCha Xian Jin Zhu |
| 210 | @a武汉@c武汉大学出版社@d2000.08 | |
| 215 | @a[5],298页@c图表@d21cm | |
| 300 | @a面向21世纪课程教材 高等学校信息管理类专业核心课教材 | |
| 320 | @a书末附主要参考文献 | |
| 606 | 0 | @a信息@x分析 |
| 606 | 0 | @a信息处理@x预测 |
| 690 | @aG202@v3 | |
| 701 | 0 | @a查先进@ACha Xian Jin@4著 |
| 801 | 0 | @aCN@bCEPC@c20050426 |
| 905 | @a10447@dG202@eZ038 | |
| 信息分析与预测/查先进著.-武汉:武汉大学出版社,2000.08 |
| [5],298页:图表;21cm |
| 面向21世纪课程教材 高等学校信息管理类专业核心课教材 |
| ISBN 7-307-02960-X:CNY 13.00 |
| ● |
| 相关链接 |
|
|
|
正题名:信息分析与预测
索取号:G202/Z038
 
预约/预借
| 序号 | 登录号 | 条形码 | 馆藏地/架位号 | 状态 | 备注 |
| 1 | 442171 | 204421713 | 社科库409/409社科库 56排7列5层/ [索取号:G202/Z038] | 在馆 | |
| 2 | 442172 | 204421722 | 社科库409/409社科库 56排7列5层/ [索取号:G202/Z038] | 在馆 | |
| 3 | 570508 | 205705085 | 社科库409/409社科库 56排7列5层/ [索取号:G202/Z038] | 在馆 |